Normal view
MARC view
Entry Personal Name
001 - CONTROL NUMBER
- control field: 44017
003 - CONTROL NUMBER IDENTIFIER
- control field: dpl
005 - DATE AND TIME OF LATEST TRANSACTION
- control field: 20120321095652.0
008 - FIXED-LENGTH DATA ELEMENTS
- fixed length control field: 120321|||a|||||| | ||| d
040 ## - CATALOGING SOURCE
- Original cataloging agency: dpl
- Transcribing agency: dpl
100 ## - HEADING--PERSONAL NAME
- Personal name: जगजीवन राम
670 ## - SOURCE DATA FOUND
- Source citation: Work cat.: (dpl): जगजीवन राम, भारत में जातिवाद और हरिजन समस्या, 2001
670 ## - SOURCE DATA FOUND
- Source citation: Work cat.: (dpl): जगजीवन राम, भारत में जातिवाद और हरिजन समस्या, 2001
